书目信息 |
| 题名: |
针织服装结构设计
|
|
| 作者: | 谢梅娣 , 赵俐 编著 | |
| 分册: | ||
| 出版信息: | 北京 中国纺织出版社 2019 |
|
| 页数: | 216页 | |
| 开本: | 26cm | |
| 丛书名: | ||
| 单 册: | ||
| 中图分类: | TS186.3 | |
| 科图分类: | ||
| 主题词: | 针织物--zhen zhi wu--服装设计--结构设计--高等教育--教材 | |
| 电子资源: | ||
| ISBN: | 978-7-5180-5931-7 | |
| 000 | 01129nam0 2200289 450 | |
| 001 | 012001001344 | |
| 005 | 20191122090416.32 | |
| 010 | @a978-7-5180-5931-7@dCNY39.80 | |
| 099 | @aCAL 012019103930 | |
| 100 | @a20190710d2019 em y0chiy50 ea | |
| 101 | 0 | @achi |
| 102 | @aCN@b110000 | |
| 105 | @aak a 000yy | |
| 106 | @ar | |
| 200 | 1 | @a针织服装结构设计@Azhen zhi fu zhuang jie gou she ji@f谢梅娣, 赵俐编著 |
| 205 | @a第2版 | |
| 210 | @a北京@c中国纺织出版社@d2019 | |
| 215 | @a216页@c图@d26cm | |
| 320 | @a有书目 (第216页) | |
| 330 | @a本书内容涵盖针织服装结构设计基础、针织服装中常见部件的缝制方法、针织裤装结构、针织裙装结构、针织服装衣身结构、针织服装衣领结构、针织服装衣袖结构和综合举例。全书文字简洁、实例丰富, 易学易懂。操作性强既是本书的最大特点, 也是作者力求达到的目标。 | |
| 333 | @a“十三五”普通高等教育本科部委级规划教材 纺织科学与工程一流学科建设教材 | |
| 606 | 0 | @a针织物@Azhen zhi wu@x服装设计@x结构设计@x高等教育@j教材 |
| 690 | @aTS186.3@v5 | |
| 701 | 0 | @a谢梅娣@Axie mei di@4编著 |
| 701 | 0 | @a赵俐@Azhao li@4编著 |
| 801 | 0 | @aCN@b北京卓展@c20191020 |
| 905 | @b1198077-80@dTS186.3@e12=2@f4 | |
| 针织服装结构设计/谢梅娣, 赵俐编著.-第2版.-北京:中国纺织出版社,2019 |
| 216页:图;26cm |
| 使用对象:“十三五”普通高等教育本科部委级规划教材 纺织科学与工程一流学科建设教材 |
| ISBN 978-7-5180-5931-7:CNY39.80 |
| 本书内容涵盖针织服装结构设计基础、针织服装中常见部件的缝制方法、针织裤装结构、针织裙装结构、针织服装衣身结构、针织服装衣领结构、针织服装衣袖结构和综合举例。全书文字简洁、实例丰富, 易学易懂。操作性强既是本书的最大特点, 也是作者力求达到的目标。 |
| ● |
| 相关链接 |
|
|
|
|
正题名:针织服装结构设计
索取号:TS186.3/12=2
 
预约/预借
| 序号 | 登录号 | 条形码 | 馆藏地/架位号 | 状态 | 备注 |
| 1 | 1198077 | 211980775 | 第二样本阅览室/ [索取号:TS186.3/12=2] | 在馆 | |
| 2 | 1198078 | 211980784 | 第三借阅区/ [索取号:TS186.3/12=2] | 在馆 | |
| 3 | 1198079 | 211980793 | 第三借阅区/ [索取号:TS186.3/12=2] | 在馆 | |
| 4 | 1198080 | 211980800 | 第三借阅区/ [索取号:TS186.3/12=2] | 在馆 |